All lyrics to I Think I Got You Beat (Shrek - the musical) - Statistics

General Stats
  • This quiz has been taken 87 times
  • The average score is 249 of 342
Answer Stats
Lyric % Correct
I
100%
a
97%
A
97%
an
94%
On
94%
on
94%
and
90%
And
90%
Eve.
90%
had
90%
it,
90%
it
90%
no
90%
No
90%
the
90%
think
90%
to
90%
beat.
87%
go
87%
Yeah.
87%
you
87%
every
84%
got
84%
my
84%
My
84%
was
84%
that
77%
That
77%
boil
74%
chamber
74%
me
74%
pot.
74%
pot
74%
Princess
74%
princess
74%
toilet.
74%
would
74%
away,
71%
away
71%
away.
71%
bare
71%
Bare
71%
by
71%
choice
71%
essentials,
71%
hour.
71%
in
71%
morning
71%
padded.
71%
sent
71%
So
71%
so?
71%
So...
71%
were
71%
7?
68%
Christmas
68%
Just
68%
just
68%
lonely,
68%
only
68%
walls
68%
army
65%
boredom
65%
but
65%
day
65%
day.
65%
hot
65%
I'm
65%
nothing
65%
of
65%
those
65%
tower,
65%
very
65%
birthday.
61%
cot,
61%
fighting
61%
little
61%
luckily
61%
view
61%
britches,
58%
dad
58%
flaming
58%
headroom.
58%
isolation
58%
ogre
55%
plate
55%
sad
55%
Sad
55%
see
55%
story
55%
torches
55%
As
52%
for
52%
mob
52%
Oh
52%
with
52%
added,
48%
bedroom
48%
days
48%
Did
48%
effort,
48%
rougher,
48%
sat
48%
window,
48%
years
48%
years!
48%
circles,
45%
dedicated.
45%
Heaven?
45%
hiney.
45%
I've
45%
like
45%
mention,
45%
one
45%
out
45%
playing.
45%
suffer
45%
thanks
45%
waited,
45%
walking
45%
better,
42%
burned
42%
cards.
42%
heard
42%
prom.
42%
saying.
42%
time
42%
whiney,
42%
You're
42%
missed
39%
torn
39%
Twenty
39%
wonder,
39%
if
35%
mum
35%
regards.
35%
warm
35%
asunder,
32%
Haha.
32%
scorches.
32%
Earth
29%
fled
29%
hell
29%
devistation
23%
this.
19%
top
16%
Okay
10%
No matching quizzes found
Score Distribution
Percent of People with Each Score
Percentile by Number Answered
Your Score History
You have not taken this quiz